• 首页
  • 本馆介绍
  • 公告通知
  • 最新文献
  • 馆藏检索
  • 电子资源
  • 读者导购
  • 参考咨询
  • 我的图书馆
  • 登录
  • 详细信息显示
  • 放入我的书架
  • 预约/预借图书
  • 作者相关作品
  • 分类相关作品
  • 丛书相关作品
  • 出版社相关作品

书目信息

  • 表格格式
  • 工作单格式
  • 卡片格式
题名:
梅里美
    
 
作者: 蓝梦 著
分册:  
出版信息: 沈阳   辽宁人民出版社  1985
页数: 128页
开本: 19cm
丛书名: 外国文学评介丛书
单 册:
中图分类: I565.074
科图分类:
主题词: 文学
电子资源:
ISBN:
000 00738nam2 2200289 45
001 0185009877
005 20040414085104.8
010    @dCNY0.57
091    @a10090.374
100    @a19901105d1985 emky0chiy0121 ea
101 0  @achi
102    @aCN@b210000
105    @ay z 000yb
106    @ar
200 10 @a梅里美@Amei li mei@f蓝梦著
210    @a沈阳@c辽宁人民出版社@d1985
215    @a128页@d19cm
225 2  @a外国文学评介丛书
410  0 @120010@a外国文学评介丛书
600  1 @a梅里美@f1803-1870@x生平事迹
606 0  @a文学
610 0  @a作家@a法国
690    @aI565.074@v3
701  0 @a蓝梦@Alan meng@4著
801  0 @aCN@b深圳图书馆@c20040414
801  2 @aCN@bNLC@c20040414
905    @f9@b135411-419@dI565.074@e141
    
    梅里美/蓝梦著.-沈阳:辽宁人民出版社,1985
    128页;19cm.-(外国文学评介丛书)
    
    
    ISBN :CNY0.57
    
●
相关链接 在E读中查询图书 在五车中查询图书 在当当中查询图书 在豆瓣中查询图书


正题名:梅里美     索取号:I565.074/141         预约/预借

序号 登录号 条形码 馆藏地/架位号 状态 备注
1 0135411   000120121   第二借阅区/ [索取号:I565.074/141] 在馆    
2 0135412   000120103   第二借阅区/ [索取号:I565.074/141] 在馆    
3 0135413   000120112   第二借阅区/ [索取号:I565.074/141] 在馆    
4 0135414   000120158   第二借阅区/ [索取号:I565.074/141] 在馆    
5 0135415   000120194   第二借阅区/ [索取号:I565.074/141] 在馆    
6 0135416   000120149   第二借阅区/ [索取号:I565.074/141] 在馆    
7 0135417   000120130   第二借阅区/ [索取号:I565.074/141] 在馆    
8 0135418   000120167   第二借阅区/ [索取号:I565.074/141] 在馆    
9 0135419   000120201   第二借阅区/ [索取号:I565.074/141] 在馆    
10 0135420   202115656   第一样本阅览室/ [索取号:I565.074/141] 在馆    
唐山师范学院图书馆 欢迎您!
大连网信软件有限公司© 版权所有